ADAMI ZORLA CADI YAPARLAR (Record no. 734261)

MARC details
000 -LEADER
sabit uzunluktaki kontrol alanı 00248nam a2200097Ia 4500
001 - KONTROL NUMARASI
kontrol alanı 734261
005 - EN SON İŞLEMİN TARİH VE ZAMANI
kontrol alanı 20250826163830.0
008 - SABİT-UZUNLUKTA VERİ ÖĞELERİ--GENEL BİLGİ
sabit uzunluktaki kontrol alanı 250824s9999 xx 000 0 und d
245 #0 - ESER / YAZAR
ESER ADI ADAMI ZORLA CADI YAPARLAR
Yazar Adı NİRAN ELÇİN
260 ## - YAYIN, DAĞITIM, VB.
YAYIN EVİ TUDEM YAYINLARI
Holdings
Düşüm durumu Kayıp durumu Hasar Durumu Ödünç verilmez Ana kütüphane Geçerli Kütüphane Edinilen tarih Toplam ödünç verme sayısı Barkod Son görüntüleme tarihi Fiyatın geçerli olmaya başladığı tarih Koha materyal türü
        ABİDİN SANİYE ERÇAL İLKOKULU ABİDİN SANİYE ERÇAL İLKOKULU 24.08.2025   10012849 26.08.2025 26.08.2025 Books